01134cam a22002773a 45000010005000000030006000050050017000110080041000280400015000690420007000840500007000911000054000982450111001522600029002635000104002925060030003965160020004266530087004466530067005336530049006006530053006496530047007027000038007498300028007878560041008153554PGUSA20140828083034.0021201s2002||||xxu|||||s|||||000 | eng d aPGUSAbeng adc 4aDC1 aBourrienne, Louis Antoine Fauvelet de,d1769-183410aMemoirs of Napoleon Bonaparte — Volume 04h[electronic resource] /cLouis Antoine Fauvelet de Bourrienne bProject Gutenberg,c2002 aTranslated from: Mémoires sur Napoléon, le Directoire le Consulat, l'Empire et la Restauration. aPublic domain in the USA. aElectronic text aNapoleon I, Emperor of the French, 1769-1821 -- Relations with private secretaries aNapoleon I, Emperor of the French, 1769-1821 -- Contemporaries aNapoleon I, Emperor of the French, 1769-1821 aBourrienne, Louis Antoine Fauvelet de, 1769-1834 aPrivate secretaries -- France -- Biography1 aPhipps, Ramsay Weston,d1838-1923 0aProject Gutenbergv355440uhttp://www.gutenberg.org/ebooks/3554